000 00437nam a2200181Ia 4500
001 25095
005 20260414151127.0
008 260414t2009||||xx |||||||||||||| ||spa||
041 _aESP
082 _a346.2
_bF21 T. 2
100 _aKemelmajer de Carlucci, AĆ­da (dir.)
_eAUT
245 0 _aLa familia en el nuevo derecho
_b
260 _c2009
300 _a
_c22 cm.
650 _aDER
654 _aCDE
942 _cLIB
_dJUS
_fJUS
_2ddc
_n
999 _c25095
_d25095